• 首页
  • 本馆介绍
  • 公告通知
  • 最新文献
  • 馆藏检索
  • 电子资源
  • 读者导购
  • 参考咨询
  • 我的图书馆
  • 登录
  • 详细信息显示
  • 放入我的书架
  • 预约/预借图书
  • 作者相关作品
  • 分类相关作品
  • 丛书相关作品
  • 出版社相关作品

书目信息

  • 表格格式
  • 工作单格式
  • 卡片格式
题名:
数学解题思路
    
 
作者: 卢正勇 编
分册:  
出版信息: 福州   福建人民教育出版社  1980
页数: 109页
开本: 19cm
丛书名:
单 册:
中图分类: O12-44 , G633.6
科图分类:
主题词: 初等数学--解题 , 教育--各级
电子资源:
ISBN:
000 00673nam0 2200253 45
001 0180005271
005 20060817173329.50
010    @dCNY0.29
091    @a7159.530
100    @a19950705d1980 demy0chiy0121 ea
101 0  @achi
102    @aCN@b350000
105    @ay q 000yy
200 10 @a数学解题思路@Ashu xue jie ti si lu@f卢正勇编
210    @a福州@c福建人民教育出版社@d1980
215    @a109页@d19cm
606    @a初等数学@x解题
606 0  @a教育@x各级
690    @aO12-44@v3
690    @aG633.6
701  0 @a卢正勇@Alu zheng yong@4编
801  0 @aCN@b上海图书馆@c20060817
801  2 @aCN@bNLC@c20060727
905    @f4@b30629-632@f0@f1@b30627@dG633.6@e119
    
    数学解题思路/卢正勇编.-福州:福建人民教育出版社,1980
    109页;19cm
    
    
    ISBN :CNY0.29
    
●
相关链接 在E读中查询图书 在五车中查询图书 在当当中查询图书 在豆瓣中查询图书


正题名:数学解题思路     索取号:G633.6/119         预约/预借

序号 登录号 条形码 馆藏地/架位号 状态 备注
1 0030627   000245942   密集书库/ [索取号:G633.6/119] 在馆    
2 0030628   202207414   密集书库/ [索取号:G633.6/119] 在馆    
3 0030629   000245933   密集书库/ [索取号:G633.6/119] 在馆    
4 0030630   000246004   密集书库/ [索取号:G633.6/119] 在馆    
5 0030631   000245997   密集书库/ [索取号:G633.6/119] 在馆    
6 0030632   000245988   第一样本阅览室/ [索取号:G633.6/119] 在馆    
7 0030633   202207469   密集书库/ [索取号:G633.6/119] 在馆    
8 0030634   202207423   密集书库/ [索取号:G633.6/119] 在馆    
9 0440058   204400585   密集书库/ [索取号:G633.6/119] 在馆    
10 0465510   204655104   密集书库/ [索取号:G633.6/119] 在馆    
唐山师范学院图书馆 欢迎您!
大连网信软件有限公司© 版权所有